LDR 00853naa#a2200181#i#450# 001 RU\\bibl\122194 005 20260604234247.4 011 ## _a2414-3995 100 ## _a20260311b2026####ek#y0rusy0150####ca 102 ## _aRU 200 1# _aФакторы риска в использовании искусственного интеллекта для профилактики преступности _eЖурнальная статья 210 1# _aМосква _cМосковский университет МВД России имени В.Я. Кикотя _d2026 215 ## _a5 с. 608 ## _aЖурнальная статья _2local 675 ## _aПраво. Юридические науки. 34 _z 700 #1 _aДавитадзе _gМевлуд Демуралович 700 #1 _aСередин _gАлексей Александрович 856 4# _amosumvd.editorum.ru _u